Prénom en commun #3 - Marie - Statistiques

Statistiques générales
  • Ce quiz a été pris 286 fois
  • Le résultat moyen est 7 sur 13
Statistiques - réponses
Indice Prénom Nom % Correct
Première femme à avoir reçu le prix Nobel, et à ce jour seule femme à en avoir reçu deux (physique et chimie). Marie Curie
99%
Personnage popularisé par Disney, reconnaissable à son célèbre parapluie. Mary Poppins
91%
Actrice française, tuée par son compagnon Bertrand Cantat. Marie Trintignant
65%
Chanteuse franco-portugaise, gagnante de l'Eurovision 1977 avec la chanson 'L'Oiseau et l'Enfant'. Marie Myriam
63%
Reine de France et de Navarre de 1600 à 1610, et mère de Louis XIII. Marie De Médicis
53%
Souveraine du royaume d’Écosse de 1542 à 1567, et reine de France de 1559 à 1560. Marie Ière d'Ecosse / Stuart
53%
Disciple de Jésus qui le suit jusqu'à ses derniers jours et assiste à sa Résurrection. Marie Madeleine / De Magdala
51%
Ecrivaine américaine spécialisée dans le roman policier, surnommée la « reine du suspense ». Mary Higgins Clark
47%
Joueuse de tennis française ayant gagnée deux tournois du Grand Chelem en simple, et deux en double. Mary Pierce
47%
Romancière anglaise connue pour son roman 'Frankenstein ou le Prométhée moderne'. Mary Shelley
32%
Essayiste et personnalité médiatique japonaise spécialisée dans le rangement et le développement personnel. Marie Kondō
24%
Chanteuse américaine de RnB. Mary J. Blige
21%
Avec Anne Bonny, elle est l’une des deux femmes pirates les plus célèbres de l’histoire. Mary Read
4%
Aucun quiz correspondant
Distribution des résultats
% des personnes avec chaque résultat
Percentile par nombre de réponses
Votre historique - résultats
Vous n’avez pas pris ce quiz